000
002150000a22000970004500
100
1
_a
Wittig, Mark E.
245
1
0
_a
Revenge : Romans 12:19
300
_a
Num. 24 (2003), Página 30
773
0
_t
Teartimes
942
_c
ANA
999
_c
56054
_d
56054